000 00407ntaaa2200157 4500
003 01
005 20251027201229.0
008 0714s1973 ag 01
040 _aAR-BaBN
_bspa
_cAR-BaBN
_eaacr
_dRIC
082 _a220.92 D34
100 _aDeane, H.
_910359
245 _aDaniel, su vida y sus tiempos /
_cH. Deane
250 _a1 ed. :
_bCasa Bautista de Publicaciones,
_cc/938
300 _a251 p.
942 _cBK
999 _c6631
_d6631